| 000 | 01095nam a22002297a 4500 | ||
|---|---|---|---|
| 008 | 090607t xxu||||| |||| 00| 0 eng d | ||
| 022 | _a013540661 | ||
| 082 |
_222 _a327 _bEUR |
||
| 245 |
_aEuropean journal of international relations/ _cSage. |
||
| 260 |
_aLos Angeles: _bSage, _cc2008- |
||
| 300 |
_a4 vol. _c24 cm. |
||
| 310 | _aQuarterly | ||
| 440 |
_aEuropean journal of international relations; _x13540661 _95866 |
||
| 650 | 0 |
_aForeign relations _96024 |
|
| 650 | 0 |
_aInternational relations _xPeriodicals. _96025 |
|
| 856 | _uhttp://ejt.sagepub.com/current.dtl | ||
| 942 |
_2ddc _cREFERENCE _s1 |
||
| 999 |
_c11755 _d11755 |
||